000 00225nam a22000857a 4500
008 170119b xxu||||| |||| 00| 0 eng d
100 _92506
_aGhosh.S.etal.
245 _aEvolution Social Science-8
260 _aNew Delhi
_bRachna
_c2010
999 _c5578
_d5578